[Event "MCR_KT04"]
[Site "?"]
[Date "2005.??.??"]
[Round "?"]
[White "Vlacil, Vladimir"]
[Black "Svoboda, Josef"]
[Result "1/2-1/2"]
[WhiteElo "1969"]
[BlackElo "1782"]
[PlyCount "91"]
[EventDate "2005.??.??"]
[EventType "corr"]
[EventRounds "2"]
[SourceDate "2005.03.12"]

1. e4 e5 2. Nf3 Nc6 3. Bb5 Nf6 4. O-O Nxe4 5. d4 Be7 6. Qe2 Nd6 7. Bxc6 bxc6 8.
dxe5 Nb7 9. Nc3 O-O 10. Re1 Nc5 11. Be3 Ne6 12. Rad1 d5 13. exd6 cxd6 14. Nd4
Nxd4 15. Bxd4 Re8 16. Qf3 d5 17. Na4 Bf8 18. Bc5 Rxe1+ 19. Rxe1 Bg4 20. Qxg4
Qa5 21. c3 Bxc5 22. Nxc5 Qxc5 23. Qd7 Rf8 24. h4 h5 25. Re8 g6 26. Qe7 Qxe7 27.
Rxe7 Rb8 28. b3 Rb5 29. Kf1 Rc5 30. Ke2 Rxc3 31. Kd2 d4 32. Rxa7 c5 33. Rc7 Kg7
34. Rc6 Kf8 35. Rf6 Ke7 36. Rc6 Kd7 37. Rf6 Ke7 38. Rb6 f6 39. a4 g5 40. hxg5
fxg5 41. a5 c4 42. b4 Ra3 43. Rc6 Ra2+ 44. Ke1 Ra1+ 45. Kd2 Ra2+ 46. Ke1
1/2-1/2

[Event "MCR_KT04"]
[Site "?"]
[Date "2005.??.??"]
[Round "?"]
[White "Vlacil, Vladimir"]
[Black "Vanc, Vladimir"]
[Result "1/2-1/2"]
[WhiteElo "1969"]
[BlackElo "1834"]
[PlyCount "145"]
[EventDate "2005.??.??"]
[EventType "corr"]
[EventRounds "2"]
[SourceDate "2005.03.12"]

1. e4 c5 2. c3 d5 3. exd5 Qxd5 4. d4 Nf6 5. Nf3 Bg4 6. Be2 e6 7. O-O Nc6 8. h3
Bh5 9. Be3 cxd4 10. cxd4 Be7 11. Nc3 Qd6 12. Qb3 O-O 13. Rfd1 Rfd8 14. a3 Nd5
15. Rac1 Nxc3 16. Rxc3 Rab8 17. Rc5 Bg6 18. Rdc1 Be4 19. Rd1 b6 20. Rcc1 Bd5
21. Qc3 Bf6 22. Rd2 Bxf3 23. Bxf3 Nxd4 24. Bxd4 Bxd4 25. Qc7 Qxc7 26. Rxc7 b5
27. b3 a5 28. Kf1 b4 29. a4 e5 30. Be2 Rbc8 31. Rdc2 Bc3 32. Ra7 Ra8 33. Rc7 f5
34. g4 fxg4 35. hxg4 Rd4 36. Bc4+ Kh8 37. Be6 Rf4 38. Rc8+ Rf8 39. Rc7 Ra6 40.
Rc8 Rxc8 41. Bxc8 Rd6 42. Kg2 h6 43. Bf5 g6 44. Be4 Kg7 45. Bf3 Kf6 46. Be4 Rd1
47. f3 Kg5 48. Re2 Bd4 49. Rc2 Rg1+ 50. Kh2 Re1 51. Bd5 Kh4 52. Kg2 Be3 53. Be4
Rg1+ 54. Kh2 Rb1 55. Bd5 h5 56. gxh5 gxh5 57. Re2 Bf4+ 58. Kg2 Kg5 59. Kh3 Rd1
60. Be4 Rh1+ 61. Kg2 Rb1 62. Kh3 h4 63. Rg2+ Bg3 64. Re2 Rg1 65. Bh7 Rh1+ 66.
Kg2 Rh2+ 67. Kf1 h3 68. Rxh2 Bxh2 69. Be4 Kh4 70. Bf5 Bf4 71. Kg1 Kg3 72. Be4
Be3+ 73. Kh1 1/2-1/2